000 00300nam a22001337a 4500
020 _a0072443928
040 _cNUST
082 _a512.9
_bDUG
100 _aMark Dugopolski,
_9122974
245 _aAlgebra for College Students
250 _a3rd Edition
650 _aAlgebra
_98509
942 _2ddc
_cBK
999 _c609328
_d609328